| 000 | 00474nam a22001817a 4500 | ||
|---|---|---|---|
| 003 | CEME | ||
| 005 | 20210628205724.0 | ||
| 008 | 210316b xxu||||| |||| 00| 0 eng d | ||
| 020 | _a0-7923-9814-9 | ||
| 040 | _c. | ||
| 082 | _a004.65 ABE | ||
| 100 |
_aRalescu, Anca Abe, Shigeo _976827 |
||
| 245 | _aNeural networks and fuzzy systems | ||
| 260 |
_aBOSTON _bKLUWER ACADEMIC _c1997 |
||
| 300 | _a258P | ||
| 650 |
_aNETWORKS-NEURAL FUZZY SYSTEMS _976828 |
||
| 942 |
_cBK _2ddc |
||
| 999 |
_c582147 _d582147 |
||